Українська мова в Інтернеті: позамовні та внутрішньоструктурні процеси (Запис № 349431)

МАРК-запис
000 -Лідер
fixed length control field 02472nam a22002897a 4500
001 - Контрольний номер
control field 63346
003 - Ідентифікатор контрольного номера
control field UA-OsUOA
005 - Дата та час останнього входження (трансакції)
control field 20220125224843.0
007 - Фіксоване поле фізичного опису
fixed length control field ta
008 - Елементи даних фіксованої довжини – загальна інформація
fixed length control field 20090929b un ||||| |||| 00| 0 ukr d
020 ## - Міжнародний стандартний книжковий номер (ISBN)
Міжнародний стандартний книжковий номер (ISBN) (НП) 978-966-02-4773-4
040 ## - Джерело каталогізації
Агенція оригінальної каталогізації UA-OsUOA
Мова каталогізації ukr
Агенція, яка здійснювала перезапис UA-OsUOA
Агенція, яка здійснювала модифікацію UA-OsUOA
041 ## - Код мови
Код мови тексту/ звукової доріжки чи окремого заголовка (П) ukr
080 ## - Індекс Універсальної десяткової класифікації
Індекс Універсальної десяткової класифікації (УДК) (НП) 811.161.1:004.738
090 ## - Локальний шифр розміщення
Класифікаційний індекс УДК 811.161.1:004.738
Авторський знак (НП) Ч-42
100 ## - Основне введення – ім’я особи
Ім’я особи (НП) Чемеркін С. Г.
245 ## - Відомості про назву
Назва (НП) Українська мова в Інтернеті: позамовні та внутрішньоструктурні процеси
260 ## - Публікація, розповсюдження і т.п. (Вихідні дані)
Місце публікації, розповсюдження і т.п. (П) К.
Ім’я/ наймення видавництва, розповсюджувача і т.п. (П) НАН України
Дата публікації, розповсюдження і т.п. (П) 2009
300 ## - Фізичний опис
Обсяг 240 с.
520 3# - Резюме і т.п.
Резюме, реферат, анотація, тощо (НП) У виданні досліджено процеси, характерні для української мови, яка функціонує в інтернеті. Екстралінгвальні чинники зумовлюють формування нових ознак стильових ріновидів української мови. У монографії розглянуто явища семантичної деривіації в сучасній
520 3# - Резюме і т.п.
Резюме, реферат, анотація, тощо (НП) українській мові як наслідок взаємодії професійної і загальновживаної лексики.ЗМІСТУкраїнська мова в Інтернеті - неоднозначне явище.Функціонально-стильові та жанрові різновиди української мови в Інтернеті.Розмовний стиль.Художній стиль.Ін
520 3# - Резюме і т.п.
Резюме, реферат, анотація, тощо (НП) тернет-проза.Інтернтет-поезія.Інтернет-драма.Публіцистичний стиль.Науковий стиль. Офіційно-діловий стиль.Сакральний стиль.Лексико-семантичні та словотвірні зміни і процеси кодифікації.Група лексем вантажити.Група лексем ламати.Груп
520 3# - Резюме і т.п.
Резюме, реферат, анотація, тощо (НП) а лексем висіти.Група лексем качати.Професійні запозичення в сучасній українській мові.Висновки.Індекс використовуваних термінів та понять.
650 #7 - Додаткове предметне введення – тематичний термін
Тематичний термін чи географічна назва, як елемент введення (НП) 8 Мовознавство. Художня література. Літературознавство
Джерело заголовка чи терміна UDC
942 ## - Додаткові елементи входу (Коха)
Тип елемента Koha Книги
Source of classification or shelving scheme Universal Decimal Classification
955 ## - Код типу видання за змістом
Код типу видання за змістом (НП) Навчальні видання
Фонди
Стан вилучень Стан втрат Джерело класифікації або схеми стелажів Стан уражень Не для кредиту Постійне місце розташування Поточне розміщення Дата придбання Джерело придбання Вартість, звичайна ціна покупки Інвентарний номер Повний номер виклику Штрих-код Дата останнього перегляду Ціна ефективна від Тип елемента Koha Примітка, призначена для загального доступу Усього замовленно
    Universal Decimal Classification     ЧЗ - Читальна зала ЧЗ - Читальна зала 29/09/2009 121/2009 40.00 123419 811.161.1:004.738 Ч-42 123419 15/11/2021 29/09/2009 Книги з автографом С. Чемеркіна  
    Universal Decimal Classification     ЧЗ - Читальна зала ЧЗ - Читальна зала 29/09/2009 121/2009 40.00 123420 811.161.1:004.738 Ч-42 123420 15/11/2021 29/09/2009 Книги    
    Universal Decimal Classification     ЧЗ - Читальна зала ЧЗ - Читальна зала 29/09/2009 121/2009 40.00 123421 811.161.1:004.738 Ч-42 123421 15/11/2021 29/09/2009 Книги